| 000 | 00362nam a2200145Ia 4500 | ||
|---|---|---|---|
| 008 | 090123s9999 xx 000 0 und d | ||
| 082 | _b41400 | ||
| 245 | _aTEACHINGS OF SWAMI VIVEKANANDA | ||
| 250 | _a0 | ||
| 260 | _bADVAITA ASHRAMA | ||
| 300 | _a298 | ||
| 630 | _aTEACHINGS OF SWAMI VIVEKANANDA | ||
| 730 | _aTEACHINGS OF SWAMI VIVEKANANDA | ||
| 942 | _cBOOK | ||
| 999 |
_c79475 _d79475 |
||